000 00976cam a22002412 4500
999 _c3405
_d3405
001 415637
003 OSt
005 20231220104914.0
008 061219s2004 enka c 00011 eng d
020 _a9780552550819 (pbk.) :
040 _beng
_dUk
_dTAE
_dKH8
_cWlAbNL
082 0 4 _a823.92 DOU
100 1 _aDougherty, John.
_eAuthor
245 1 0 _aZeus on the loose! /
_cJohn Dougherty ; illustrated by Georgien Overwater.
260 _aLondon :
_bYoung Corgi Books,
_c2004.
300 _a89 p. :
_bill. ;
_c20 cm.
440 0 _aYoung Corgi.
520 _aWhen Alex makes a temple for the Greek god Zeus, he doesn't expect the god himself to turn up, borrow his mum's nightie and demand a sacrifice at half-past five in the morning. Even worse, Zeus reckons it's time for another Trojan War - in the school playground! Zeus is on the loose.
521 _a9-12.
650 0 _aZeus (Greek deity)
_vJuvenile fiction.
700 1 _aOverwater, Georgien,
_eill.
942 _2ddc
_cFIC